| 000 | 00917cam a2200277 a 4500 | ||
|---|---|---|---|
| 001 | 000003808 | ||
| 005 | 20200929150558.0 | ||
| 008 | 910703s1993 sp 000 1 spa | ||
| 020 | _a8401492327 | ||
| 040 |
_aDO-SdBNP _bspa _cBNPHU |
||
| 041 | 1 | 7 |
_aspa _heng _2código de idioma Marc |
| 082 |
_a813.5 _bC928s |
||
| 100 | 1 |
_aCrichton, Michael, _d1942-2008. _911554 |
|
| 240 | 1 | 0 |
_aRising sun. _lEspañol |
| 245 | 1 | 0 |
_aSol naciente / _cMichel Crichton ; traductor, Ana María de la Fuente. |
| 260 |
_aBarcelona : _bPlaza & Janés, _c1993. |
||
| 300 |
_a351 p. ; _c18 cm. |
||
| 490 | 1 |
_aLos Jet de Plaza & Janés _v202/2 |
|
| 534 |
_pTítulo original: _tRising sun |
||
| 650 | 4 |
_aNovela estadounidense _9262 |
|
| 650 | 4 |
_aLiteratura estadounidense _9263 |
|
| 700 | 1 |
_aFuente, Ana María de la, _etr. _910620 |
|
| 830 | 4 |
_aLos Jet de Plaza & Janés ; _v202/2 _911505 |
|
| 910 | _aCatalogación derivada | ||
| 910 | _aWM | ||
| 999 |
_c3630 _d3630 |
||